Statistics for Female Spacefarers (extreme)

Click here to take the quiz!

General Stats

  • This quiz has been taken 10 times
    (7 since last reset)
  • The average score is 18 of 65

Answer Stats

Nation First Mission (Launch Date) Answer % Correct
United StatesSTS-7 (18 June 1983)Sally {Ride}
100%
United StatesSTS-116/117 (9 December 2006)Sunita {Williams}
75%
Soviet UnionVostok 6 (16 June 1963)Valentina {Tereshkova}
50%
United StatesSTS-47 (12 September 1992)Jan {Davis}
50%
United StatesSoyuz MS-12 (14 March 2019)Christina {Koch}
50%
United StatesSTS-118 (8 August 2007)Tracy Caldwell {Dyson}
50%
Iran/United StatesSoyuz TMA-9/8 (18 September 2006)Anousheh {Ansari}
50%
United StatesSTS-121 (4 July 2006)Stephanie {Wilson}
50%
United StatesSTS-111/113 (5 June 2002)Peggy {Whitson}
50%
United StatesSTS-67 (2 March 1995)Wendy B. {Lawrence}
50%
United StatesSTS-63 (3 February 1995)Eileen {Collins}
50%
United StatesSTS-47 (12 September 1992)Mae {Jemison}
50%
India/United StatesSTS-87 (19 November 1997)Kalpana {Chawla} †
50%
United StatesSTS-41-D (30 August 1984)Judith {Resnik} †
50%
United StatesSTS-41-G (5 October 1984)Karthryn D. {Sullivan}
50%
United StatesSTS-37 (5 April 1991)Linda M. {Godwin}
25%
South KoreaSoyuz TMA-12 (8 April 2008){Yi} So-yeon
25%
United KingdomSoyuz TM-12/TM-11 (18 May 1991)Helen {Sharman}
25%
United StatesSTS-51-G (17 June 1985)Shannon {Lucid}
25%
United StatesSTS-121 (4 July 2006)Lisa {Nowak}
25%
United StatesSTS-115 (9 September 2006)Heidemarie M. {Stefanyshyn}-{Piper}
25%
United StatesSTS-51-D (12 April 1985)Margaret Rhea {Seddon}
25%
United StatesSTS-51-A (8 November 1984)Anna Lee {Fisher}
25%
United StatesSTS-118 (8 August 2007)Barbara {Morgan}
25%
United StatesSTS-128 (28 August 2009)Nicole P. {Stott}
25%
United StatesSTS-124 (31 May 2008)Karen L. {Nyberg}
25%
Untied StatesSTS-61-A (30 October 1985)Bonnie J. {Dunbar}
25%
United StatesSTS-131 (5 April 2010)Dorothy {Metcalf}-{Lindenburger}
25%
ChinaShenzhou 9 (16 June 2012){Liu} Yang
25%
ChinaShenzhou 10 (11 June 2013){Wang} Yaping
25%
RussiaSoyuz TMA-14M (25 September 2014)Yelena {Serova}
25%
United StatesSoyuz MS-01 (6 July 2016)Kathleen {Rubins}
25%
United StatesSoyuz MS-09 (6 June 2018)Serena M. {Auñón}-{Chancellor}
25%
United StatesSoyuz MS-11 (3 December 2018)Anne {McClain}
25%
United StatesVSS Unity VF-01 (22 February 2019)Beth {Moses}
25%
United StatesSTS-112 (7 October 2002)Sandra {Magnus}
25%
United StatesSTS-107 (Jan. 16, 2003) †Laurel B. {Clark} †
25%
United StatesSTS-92 (11 October 2000)Pamela {Melroy}
25%
United StatesSTS-34 (18 October 1989)Ellen S. {Baker}
25%
United StatesSTS-40 (5 June 1991)Millie {Hughes}-{Fulford}
25%
CanadaSTS-42 (22 January 1992)Roberta {Bondar}
25%
United StatesSTS-32 (9, January 1990)Marsha {Ivins}
25%
United StatesSTS-54 (13 January 1993)Susan J. {Helms}
25%
United StatesSTS-56 (8 April 1993)Ellen {Ochoa}
25%
United StatesSTS-57 (21 June 1993)Janice E. {Voss}
25%
United StatesSTS-57 (21 June 1993)Nancy J. {Currie}
25%
CanadaSTS-96 (27 May 1999)Julie {Payette}
25%
JapanSTS-65 (8 July 1994)Chiaki {Mukai}
25%
United StatesSTS-61-B (26 November 1985)Mary L. {Cleave}
25%
United StatesSTS-73 (20 October 1995)Catherine {Coleman}
25%
United StatesSTS-90 (17 April 1998)Kathryn P. {Hire}
25%
Soviet UnionSoyuz T-5 (19 July 1982)Svetlana {Savitskaya}
25%
United States/SwedenSoyuz MS-15 (25 September 2019)Jessica {Meir}
25%
United StatesSTS-70 (13 July 1995)Mary E. {Weber}
25%
JapanSTS-131 (5 April 2010)Naoko {Yamazaki}
0%
United StatesSoyuz TMA-19 (15 June 2010)Shannon {Walker}
0%
United StatesSTS-116 (9 December 2006)Joan {Higginbotham}
0%
RussiaSoyuz TM-20 (3 October 1994)Yelena V. {Kondakova}
0%
United StatesSTS-83 (4 April 1997)Susan Still {Kilrain}
0%
ItalySoyuz TMA-15M (23 November 2014)Samantha {Cristoforetti}
0%
United StatesSTS-33 (22 November 1989)Kathryn C. {Thornton}
0%
United StatesSTS-124 (31 May 2008)K. Megan {McArthur}
0%
United StatesSTS-91 (2 June 1998)Janet L. {Kavandi}
0%
United StatesSTS-40 (5 June 1991)Tamara E. {Jernigan}
0%
FranceSoyuz TM-24/TM-23 (17 August 1996)Claudie (André-Deshays) {Haigneré}
0%

Score Distribution

Percentile by Number Answered

Percent of People with Each Score

Your Score History

You have not taken this quiz since the last reset